Teaching Challenges and Dilemmas (Record no. 419)

000 -LEADER
fixed length control field 00359 a2200121 4500
020 ## - INTERNATIONAL STANDARD BOOK NUMBER
International Standard Book Number 017010798
082 ## - DEWEY DECIMAL CLASSIFICATION NUMBER
Classification number 371.100994 SMI
100 ## - MAIN ENTRY--PERSONAL NAME
Personal name Smith, Susan Groundwater
245 ## - TITLE STATEMENT
Title Teaching Challenges and Dilemmas
Statement of responsibility, etc. Susan Groundwater Smith
250 ## - EDITION STATEMENT
Edition statement 2nd ed.
260 ## - PUBLICATION, DISTRIBUTION, ETC.
Place of publication, distribution, etc. Australia :
Name of publisher, distributor, etc. Thomson :
Date of publication, distribution, etc. 2003
300 ## - PHYSICAL DESCRIPTION
Extent xii, 372p. :
Other physical details ill ., pics., ;
Dimensions 25 cm
650 ## - SUBJECT ADDED ENTRY--TOPICAL TERM
Topical term or geographic name entry element Teaching -- Australia
Holdings
Withdrawn status Lost status Damaged status Not for loan Permanent Location Current Location Shelving location Date acquired Total Checkouts Full call number Barcode Date last seen Price effective from Koha item type
        School of Civil and Environmental Engineering (SCEE) School of Civil and Environmental Engineering (SCEE)       371.100994 SMI NIT-2763 01/05/2017 01/05/2017 Book
© 2023 Central Library, National University of Sciences and Technology. All Rights Reserved.